EL SACERDOTE EN LA IGLESIA Y EN UN MUNDO QUE CAMBIA /

Guardado en:
Detalles Bibliográficos
Otros autores: Etchegaray, Roger (autor) (autor)
Formato: Libro
Colección:PASTORAL APLICADA; 64
Temas:
Etiquetas: Agrega una etiqueta
Sin etiquetas, Sé el primero en etiquetar este registro!

MARC

LEADER 00000nam^a2200000^a^4500
001 000230038
005 20250521000000.0
009 20260310104422.388
035 |a 050864 
037 |a Acervo Xavier Clavigero 
082 |a 262. 1  |b SAC 
245 1 3 |a EL SACERDOTE EN LA IGLESIA Y EN UN MUNDO QUE CAMBIA /  |c MONSEÑOR ROGER ETCHEGARAY ...[ET AL.] 
264 |a MADRID :  |b PROPAGANDA POPULAR CATOLICA,  |c 1970 
300 |a 176p. 
336 |a texto  |b txt  |2 rdacontenido 
337 |a sin mediación  |b n  |2 rdamedio 
338 |a volumen  |b nc  |2 rdasoporte 
440 |a PASTORAL APLICADA;  |v 64 
649 |a XX 
650 |a Ministros Religiosos 
650 |a Iglesia Católica 
700 |a Etchegaray, Roger  |e (autor) 
910 |a Fondo General 
920 |a Impresos - Libros 
930 |a Colección General 
905 |a 101 
901 |a 050864  |b IT1  |c ACC  |i 050864  |u 20250521 
902 |a https://opac.biblio.iteso.mx/vufind/Record/000230038